Main Continent Members in the Useless VW - Statistics

General Stats
  • This quiz has been taken 17 times
  • The average score is 14 of 30
Answer Stats
Hint Answer % Correct
Almost killed #5 Bong Water
83%
Formed the Grand Union Vertigo
83%
Economy Achen
67%
Fallen out of grace Bread
67%
fought over west Arch History Hayden
67%
The first Survivor Indo Malay
67%
Was a Overcontinental Malta
67%
Made Nuclear Power Plasma
67%
Rebelled from Indo Turkish Mapper
67%
Lost to the one below Endless Money
50%
A later member of the NP Faboomko
50%
Rival of Sazzy JCK95
50%
The Rival to JCK Sazzy
50%
Lost his coms in EP 11 SEU
50%
Had a socialist coup Twilight SR
50%
Died in episode 5 Algep
33%
Was a Omegan Spy Arizona
33%
Killed by a Vortex Bomb BigShot
33%
Was the first to Speak Bosma
33%
Tried to help the one Above Coleplayes
33%
Became the one above Communist Mapper
33%
Founded by Bribes Davistan
33%
rebelled against The top FrodoVahkiin
33%
Joined the one above Mr. Spanish 10
33%
Killed by the one above New California
33%
Was the 'Big Bad' Omega Man
33%
The Second Survivor OsloMANN
33%
Divided by Two powers Starch Productions
33%
Neutral Pact Founder Victor
33%
United with the former French Confederation
17%
No matching quizzes found
Score Distribution
Percent of People with Each Score
Percentile by Number Answered
Your Score History
You have not taken this quiz